|
|
|
|
| LEADER |
00000nam0a2200000 4500 |
| 001 |
85475 |
| 005 |
20231031101042.0 |
| 010 |
|
|
|z 5-94774-216-0 (error)
|b (в пер.)
|b 3000 экз.
|
| 021 |
|
|
|a RU
|b 05-26959
|9 05-1358
|
| 035 |
|
|
|a (RuTPU)RU\TPU\book\91851
|
| 090 |
|
|
|a 85475
|
| 100 |
|
|
|a 20051115d2005 m y0rusy5002 ca
|
| 101 |
1 |
|
|a rus
|c eng
|
| 102 |
|
|
|a RU
|
| 105 |
|
|
|a y j 001zy
|
| 200 |
1 |
|
|a Анализ статистических данных с использованием Microsoft Excel для Office XP
|e пер. 3-го англ. издания
|f М. Р. Мидлтон
|
| 210 |
|
|
|a Москва
|c БИНОМ. Лаборатория знаний
|d 2005
|
| 215 |
|
|
|a 296 с.
|c ил.
|d 22 см.
|
| 225 |
1 |
|
|a Практикум
|
| 320 |
|
|
|a Предметный указатель: с. 287-292
|
| 320 |
|
|
|a Библиогр.: с. 286
|
| 610 |
1 |
|
|a математическое программирование
|
| 610 |
1 |
|
|a электронные таблицы
|
| 610 |
1 |
|
|a Excel
|
| 610 |
1 |
|
|a диаграммы
|
| 610 |
1 |
|
|a числовые данные
|
| 610 |
1 |
|
|a категорийные данные
|
| 610 |
1 |
|
|a вероятность
|
| 610 |
1 |
|
|a распределение
|
| 610 |
1 |
|
|a выборки
|
| 610 |
1 |
|
|a моделирование
|
| 610 |
1 |
|
|a оценка
|
| 610 |
1 |
|
|a дисперсия
|
| 610 |
1 |
|
|a анализ
|
| 610 |
1 |
|
|a линейная регрессия
|
| 610 |
1 |
|
|a нелинейная регрессия
|
| 610 |
1 |
|
|a множественная регрессия
|
| 610 |
1 |
|
|a автокорреляция
|
| 610 |
1 |
|
|a авторегрессия
|
| 610 |
1 |
|
|a временные ряды
|
| 610 |
1 |
|
|a сглаживание
|
| 610 |
1 |
|
|a учебники
|
| 675 |
|
|
|a 681.3.06(075.8)
|v 3
|
| 675 |
|
|
|a 519.22(075.8)
|v 3
|
| 700 |
|
1 |
|a Мидлтон
|b М. Р.
|g Майкл Р.
|
| 801 |
|
0 |
|a RU
|b RKP
|c 20050601
|g PSBO
|
| 801 |
|
1 |
|a RU
|b 63413507
|c 20051115
|g PSBO
|
| 801 |
|
2 |
|a RU
|b 63413507
|c 20051130
|g PSBO
|
| 942 |
|
|
|c BK
|